000 00718nam a2200217Ii 4500
003 JO-AjNU
008 230605s9999||||xx |||||||||||||| ||und||
017 _a2008/8/2888
040 _aJO-AjNU
_bara
_erda
_cJO-AjNU
041 _aara
050 1 4 _aLA1471.K35.2009
100 3 _aكمال،مختار شاكر,
_eauthor
_921990
245 0 0 _aذكريات تربوية
250 _aط1
264 3 1 _aعمان:دار الفاروق للنشر والتوزيع،2009
300 _a92ص
336 _atext
_btxt
_2rdacontent
337 _aunmediated
_bn
_2rdamedia
338 _avolume
_bnc
_2rdacarrier
650 4 _a التعليم-الأردن-تاريخ-تربويون أردنيون-تراجم-مذكرات
_921991
999 _aA7732
_c11300
_d11300